00773nam a2200193 a 450000100100000000500170001000800410002702000180006804000250008608200130011110000390012424501270016326000370029030000200032750000620034770000420040995201110045199900170056200004070420201002034322.0130905s2010 dr 000 0 spa d a9789945442885 aDO-SdBNPbspacBNPHU axxxbxxx1 aHerrera Morla, Miguel Angel93562710aSólo me faltó la firma :bpersonajes y hechos reales /cMiguel Angel Herrera Morla; prólogo, José Israel Cuello H. aSanto Domingo, :bTaller,c2010. a163 p ;c20 cm. aIncluye datos biografícos en la contraportada del libro1 aCuello H., José Israeleprol.96298 0010718PDaPDbPDcCTd2013-09-05iLF1l0oxxx xxxp40704-10r2020-06-25w2020-06-25yLFPDZNo se presta c40194d40194